| 000 | 00320nam a22001097a 4500 | ||
|---|---|---|---|
| 008 | 230621b xxu||||| |||| 00| 0 eng d | ||
| 082 |
_a328.54 _bLOK |
||
| 245 |
_aBureau of Parliamentary Studies and training _bParliamentary Privileges |
||
| 260 |
_aNew Delhi _bLok Sabha Secretariat _c2003 |
||
| 300 | _a34p | ||
| 942 |
_2ddc _cBK |
||
| 999 |
_c2217 _d2217 |
||